Mapy Niemiec za panowania ich władców - Statystyki

Ogólne statystyki
  • Ten quiz został rozwiązany 70 razy
  • Średni wynik to 6 z 10
Statystyki odpowiedzi
Obrazkowy Odpowiedź % Poprawnych
Adolf Hitler
100%
Wilhelm II +3
77%
Otton III
74%
Konrad Adenauer +5
70%
Fryderyk II Wielki
58%
Napoleon Bonaparte +2
51%
Henryk II
44%
Ludwik II Niemiecki
39%
Erich Honecker +3
33%
Fryderyk Wilhelm I
32%
Nie znaleziono quizów pasujących do podanych kryteriów
Rozkład punktacji
Procent ludzi z każdym wynikiem
Percentyl według liczby udzielonych odpowiedzi
Twoja historia wyników
Nie rozwiązałeś tego quizu